| 000 -ლიდერი |
| ფიქსირებული სიგრძის საკონტროლო ველი |
01399nam a2200289Ia 4500 |
| 001 - საკონტროლო ნომერი |
| საკონტროლო ველი |
23218 |
| 003 - საკონტროლო ნომრის იდენტიფიკატორი |
| საკონტროლო ველი |
GE_BSU |
| 005 - ბოლო ოპერაციის თარიღი და დრო |
| საკონტროლო ველი |
20230725162058.0 |
| 008 - ფიქსირებული სიგრძის მონაცემთა ელემენტები - ზოგადი ინფორმაცია |
| ფიქსირებული სიგრძის საკონტროლო ველი |
181216s2018||||ge |||||||||||||| ||geo|| |
| 020 ## - წიგნის საერთაშორისო სტანდარტული ნომერი |
| International Standard Book Number |
9789941462757 |
| 040 ## - კატალოგიზაციის წყარო |
| Transcribing agency |
GE_BSU |
| 041 ## - ენის კოდი |
| Language code of text/sound track or separate title |
geo |
| 080 ## - უნივერსალური ათობითი კლასიფიკაციის ინდექსი |
| Universal Decimal Classification number |
581.5(479.223) დ-15 |
| 100 ## - მთავარი ჩანაწერი - პიროვნების სახელი |
| Personal name |
დავითაძე, მურმან-მირიან |
| 9 (RLIN) |
19542 |
| 245 ## - ცნობა სათაურის შესახებ |
| Title |
მწვანე სამკაული : |
| Remainder of title |
ეკოლოგიურ-პუბლიცისტური ნარკვევები, სტატიები, წერილები / |
| Statement of responsibility, etc |
მურმან-მირიან დავითაძე ; რედ. რ. დავითაძე. |
| 264 ## - წარმოების, გამოცემის, დისტრიბუციის და სხვა ცნობები |
| გამოცემის, წარმოების, დისტრიბუციის... ადგილი |
ბათუმი : |
| გამოცემის, წარმოების, დისტრიბუციის... სახელწოდება |
ბათუმის შოთა რუსთაველის სახ. უნ-ტი, |
| გამოცემის, წარმოების, დისტრიბუციის... თარიღი |
2018. |
| 300 ## - ფიზიკური აღწერა |
| Extent |
235 გვ. ; |
| Other physical details |
ილ. |
| Dimensions |
20 სმ. |
| 653 ## - INDEX TERM--UNCONTROLLED |
| Uncontrolled term |
ეკოლოგიურ-პუბლიცისტური ნარკვევები |
| 653 ## - INDEX TERM--UNCONTROLLED |
| Uncontrolled term |
სტატიები |
| 653 ## - INDEX TERM--UNCONTROLLED |
| Uncontrolled term |
წერილები |
| 653 ## - INDEX TERM--UNCONTROLLED |
| Uncontrolled term |
მწვანე სამკაული |
| 653 ## - INDEX TERM--UNCONTROLLED |
| Uncontrolled term |
ფლორა |
| 653 ## - INDEX TERM--UNCONTROLLED |
| Uncontrolled term |
კოლხეთის მცენარეული სამყარო |
| 700 ## - ADDED ENTRY--PERSONAL NAME |
| Personal name |
დავითაძე, რ. |
| Relator term |
რედაქტორი |
| 9 (RLIN) |
19543 |
| 942 ## - ADDED ENTRY ELEMENTS (KOHA) |
| Koha item type |
წიგნი |
| Source of classification or shelving scheme |
|